Normal view
MARC view
- William Novak, Thomas P. O'Neill
Entry Personal Name
001 - CONTROL NUMBER
- control field: 134374
003 - CONTROL NUMBER IDENTIFIER
- control field: NUST
005 - DATE AND TIME OF LATEST TRANSACTION
- control field: 20260507143825.0
008 - FIXED-LENGTH DATA ELEMENTS
- fixed length control field: 260507|| aca||aabn | a|a d
040 ## - CATALOGING SOURCE
- Original cataloging agency: NUST
- Transcribing agency: NUST
100 ## - HEADING--PERSONAL NAME
- Personal name: William Novak, Thomas P. O'Neill
670 ## - SOURCE DATA FOUND
- Source citation: Work cat.: (NUST): William Novak, Thomas P. O'Neill., Man of the House: The Life and Political Memoirs of Speaker Tip O'Neill /, 1987.
